[Event "22. Copenhagen Open  (Politiken Cup)"]
[Site "Copenhagen"]
[Date "2000.07.28"]
[Round "11"]
[White "Olsen, Miriam Frida"]
[Black "Jacobsen, Jesper Howalt"]
[Result "1-0"]
[WhiteElo "1437"]
[BlackElo "1289"]
[PlyCount "89"]
[EventDate "2000.07.17"]
[EventType "swiss"]
[EventRounds "11"]
[EventCountry "DEN"]
[SourceDate "2004.01.01"]

1. e4 d6 2. d4 g6 3. Nc3 Nd7 4. Nf3 Bg7 5. Bc4 e6 6. Be3 c6 7. Qd2 Nb6 8. Bd3
d5 9. exd5 Nxd5 10. Nxd5 cxd5 11. O-O-O Nf6 12. Qe2 a6 13. Nd2 b5 14. Nb3 Nd7
15. Bd2 Nb8 16. f4 O-O 17. g4 f5 18. g5 Nc6 19. c3 Na5 20. Nc5 Re8 21. h4 Nc4
22. h5 Nxd2 23. Rxd2 b4 24. hxg6 hxg6 25. cxb4 Bxd4 26. Qh2 Ra7 27. Bxf5 Ree7
28. Bxg6 Bg7 {[#]} 29. Qh7+ Kf8 30. Qh8+ Bxh8 31. Rxh8+ Kg7 32. Rxd8 Kxg6 33.
Rxc8 a5 34. bxa5 Rxa5 35. b4 Ra3 36. Rc6 Kf5 37. b5 Rh7 38. b6 Rh1+ 39. Kb2 Ra5
40. a4 Rh7 41. b7 Rxc5 42. b8=Q Rxc6 43. Qe5+ Kg4 44. Qe2+ Kf5 45. Qd3+ 1-0

[Event "22. Copenhagen Open  (Politiken Cup)"]
[Site "Copenhagen"]
[Date "2000.07.28"]
[Round "11"]
[White "Paaske, Asger"]
[Black "Simonsen, Olavur"]
[Result "0-1"]
[WhiteElo "2038"]
[BlackElo "2183"]
[PlyCount "40"]
[EventDate "2000.07.17"]
[EventType "swiss"]
[EventRounds "11"]
[EventCountry "DEN"]
[SourceDate "2004.01.01"]

1. e4 d5 2. exd5 Nf6 3. c4 e6 4. dxe6 Bxe6 5. d4 Bb4+ 6. Nc3 Ne4 7. a3 Nxc3 8.
Qd3 Qe7 9. Be3 Ne4+ 10. axb4 Qxb4+ 11. Bd2 Qxb2 12. Rd1 Nxd2 13. Rxd2 Qa1+ 14.
Rd1 Qa5+ 15. Rd2 O-O 16. Be2 Bf5 17. Qb3 Nc6 18. Nf3 Be4 19. O-O Bxf3 20. Ra2
Nxd4 0-1

[Event "22. Copenhagen Open  (Politiken Cup)"]
[Site "Copenhagen"]
[Date "2000.07.28"]
[Round "11"]
[White "Pedersen, Christian Kyndel"]
[Black "Roder, Peter Ulrik"]
[Result "1-0"]
[WhiteElo "2127"]
[BlackElo "2167"]
[PlyCount "119"]
[EventDate "2000.07.17"]
[EventType "swiss"]
[EventRounds "11"]
[EventCountry "DEN"]
[SourceDate "2004.01.01"]

1. d4 Nf6 2. Nf3 c5 3. dxc5 e6 4. c4 Bxc5 5. g3 b6 6. Bg2 Bb7 7. O-O O-O 8. b3
d5 9. cxd5 Qxd5 10. Qxd5 Nxd5 11. Bb2 Nc6 12. Nbd2 Rac8 13. a3 Rfd8 14. b4 Be7
15. e4 Nf6 16. e5 Nd5 17. Rfd1 a5 18. b5 Na7 19. a4 Nc3 20. Re1 Bb4 21. Ba3
Bxa3 22. Rxa3 Rc7 23. Kf1 Nc8 24. Re3 Nd5 25. Red3 Rc1+ 26. Ke2 Nce7 27. Nd4
Ng6 28. Bxd5 Bxd5 29. f4 Rdc8 30. Nc6 Bxc6 31. bxc6 R1xc6 32. Rd7 R6c7 $11 33.
Rd6 Ne7 34. Rxb6 Nd5 35. Ra6 Rc3 36. Rxc3 Nxc3+ 37. Kd3 Nxa4 38. Rxa5 Rd8+ 39.
Ke3 Nb6 40. Ra7 Nd5+ $11 41. Kf3 h6 42. Ne4 g6 43. Nd6 Rf8 44. Ke4 h5 45. Kf3
Kg7 46. Ne4 Kg8 47. Ng5 Nc3 48. Ke3 Nd5+ 49. Kf3 Nb4 50. Kg2 Nd5 51. Kh3 Ne3
52. Rb7 Nd5 53. Kh4 Ne3 54. Ne4 Nf5+ 55. Kg5 Nd4 56. Kf6 Nf3 57. Ng5 Nxh2 58.
Nxf7 Nf1 59. Kxg6 Ra8 60. Ng5 1-0

[Event "22. Copenhagen Open  (Politiken Cup)"]
[Site "Copenhagen"]
[Date "2000.07.28"]
[Round "11"]
[White "Pedersen, Kaj Vinding"]
[Black "Andersen, Matias Lolk"]
[Result "1-0"]
[WhiteElo "1619"]
[BlackElo "1096"]
[PlyCount "73"]
[EventDate "2000.07.17"]
[EventType "swiss"]
[EventRounds "11"]
[EventCountry "DEN"]
[SourceDate "2004.01.01"]

1. d4 d5 2. Nf3 Bf5 3. Bf4 e6 4. e3 Nf6 5. h3 Bd6 6. Ne5 Nbd7 7. Bb5 a6 8. Be2
O-O 9. O-O Bxe5 10. dxe5 Ne8 11. c4 c6 12. Nc3 Nb6 13. c5 Nd7 14. Qd4 f6 15.
exf6 Qxf6 $11 16. Qxf6 Ndxf6 17. Rfd1 Rd8 18. Rd4 Rf7 19. Rc1 Rfd7 20. Na4 Nc7
21. Nb6 Rf7 22. f3 Nfe8 23. Be5 Na8 24. Rb4 Nxb6 25. Rxb6 Rfd7 26. Rc3 Bg6 27.
Rcb3 Bc2 28. R3b4 a5 29. Rd4 Ra8 30. Bd3 Bxd3 31. Rxd3 Rdd8 32. Rxb7 Nf6 33.
Rdb3 Nd7 34. Bd6 Nf6 35. R3b6 Rdc8 36. Re7 e5 37. Rbb7 1-0

[Event "22. Copenhagen Open  (Politiken Cup)"]
[Site "Copenhagen"]
[Date "2000.07.28"]
[Round "11"]
[White "Petersen, Kim Linde"]
[Black "Pedersen, Steen"]
[Result "1-0"]
[WhiteElo "1454"]
[BlackElo "1755"]
[PlyCount "65"]
[EventDate "2000.07.17"]
[EventType "swiss"]
[EventRounds "11"]
[EventCountry "DEN"]
[SourceDate "2004.01.01"]

1. e4 e5 2. Nf3 Nc6 3. Bc4 Bc5 4. O-O d6 5. b4 Bxb4 6. c3 Ba5 7. Qb3 Qe7 8. d4
Bb6 9. Bb5 Bd7 10. Ba3 Nf6 11. Nbd2 O-O 12. Bxc6 bxc6 13. dxe5 Ng4 14. exd6
cxd6 15. h3 Ne5 16. Nxe5 Qxe5 17. Nc4 Qg5 18. Kh1 $11 Be6 19. f4 Qh6 20. f5
Bxc4 21. Qxc4 Rac8 22. f6 d5 23. exd5 cxd5 24. Qg4 Rc4 25. fxg7 Rfc8 26. Qf5
Qxg7 27. Be7 Qg6 28. Qxd5 Rxc3 29. Rad1 R3c7 {[#]} 30. Qd8+ Rxd8 31. Rxd8+ Kg7
32. Bf8+ Kg8 33. Bh6# 1-0

[Event "22. Copenhagen Open  (Politiken Cup)"]
[Site "Copenhagen"]
[Date "2000.07.28"]
[Round "11"]
[White "Preuss, Flemming"]
[Black "Matthiesen, Martin"]
[Result "0-1"]
[WhiteElo "2072"]
[BlackElo "2300"]
[PlyCount "44"]
[EventDate "2000.07.17"]
[EventType "swiss"]
[EventRounds "11"]
[EventCountry "DEN"]
[SourceDate "2004.01.01"]

1. e4 g6 2. d4 Bg7 3. Nc3 d6 4. Be3 Nf6 5. Qd2 c6 6. Bh6 Bxh6 7. Qxh6 Qa5 8.
Bd3 c5 9. Nge2 cxd4 10. Nxd4 Qb6 11. O-O-O Nc6 12. Bb5 Bd7 13. Qe3 O-O-O 14.
Nd5 Nxd5 15. exd5 Ne5 16. Bxd7+ Rxd7 17. f4 {[#]} Qxb2+ 18. Kxb2 Nc4+ 19. Kb3
Nxe3 20. Rd2 Nxd5 21. Nb5 Nc7 22. Nxa7+ Kb8 0-1

[Event "22. Copenhagen Open  (Politiken Cup)"]
[Site "Copenhagen"]
[Date "2000.07.28"]
[Round "11"]
[White "Radovic, Slobodan"]
[Black "Schonberg, Niels Peder"]
[Result "0-1"]
[WhiteElo "1389"]
[BlackElo "1198"]
[PlyCount "68"]
[EventDate "2000.07.17"]
[EventType "swiss"]
[EventRounds "11"]
[EventCountry "DEN"]
[SourceDate "2004.01.01"]

1. c4 e6 2. Nc3 Nf6 3. e4 Nc6 4. d4 d5 5. e5 Ne4 6. Nxe4 dxe4 7. Be3 Bb4+ 8.
Ke2 O-O 9. a3 Be7 10. g3 Bg5 11. Bg2 Bxe3 12. fxe3 f5 13. Kf2 b6 14. Ne2 Qg5
15. Nf4 Qe7 16. h4 Rd8 17. Qa4 Bd7 18. Qc2 Rf8 19. h5 h6 20. Ng6 Qf7 21. Nxf8
Rxf8 22. Raf1 Ne7 23. Ke1 Qe8 24. Rf2 b5 25. Bf1 a6 26. Be2 Qc8 27. Bd1 c5 28.
cxb5 axb5 29. Qxc5 Qxc5 30. dxc5 Nc6 31. Rd2 Nxe5 32. b4 Nd3+ 33. Ke2 Bc6 34.
Rxd3 exd3+ 0-1

[Event "22. Copenhagen Open  (Politiken Cup)"]
[Site "Copenhagen"]
[Date "2000.07.28"]
[Round "11"]
[White "Rasmussen, Casper Dahl"]
[Black "Bogdanov, Dimitri"]
[Result "0-1"]
[WhiteElo "2281"]
[BlackElo "2093"]
[PlyCount "68"]
[EventDate "2000.07.17"]
[EventType "swiss"]
[EventRounds "11"]
[EventCountry "DEN"]
[SourceDate "2004.01.01"]

1. e4 g6 2. d4 Bg7 $11 3. Nc3 d6 4. g3 Nf6 5. Bg2 O-O 6. Nge2 Nbd7 7. h3 e5 8.
Be3 Re8 9. O-O exd4 10. Bxd4 c6 11. a4 a5 12. Qd2 Ne5 13. f4 Nc4 14. Qc1 d5 15.
b3 Nd6 16. e5 Nfe4 17. Nxe4 Nxe4 18. Qe3 f6 19. Bxe4 dxe4 20. exf6 Bxf6 21. Kh2
h5 22. Rad1 Bf5 23. Bb6 Qc8 24. h4 Bg4 25. Rd2 Qe6 26. Nd4 Qe7 27. f5 g5 28.
Ne6 gxh4 29. Qxe4 hxg3+ 30. Kxg3 Bh4+ 31. Kh2 Qf6 32. Rd7 Re7 33. Rd6 Qc3 34.
Rg1 Qh3# 0-1

[Event "22. Copenhagen Open  (Politiken Cup)"]
[Site "Copenhagen"]
[Date "2000.07.28"]
[Round "11"]
[White "Rasmussen, Uffe"]
[Black "Andersen, Rune"]
[Result "0-1"]
[WhiteElo "1884"]
[BlackElo "2077"]
[PlyCount "72"]
[EventDate "2000.07.17"]
[EventType "swiss"]
[EventRounds "11"]
[EventCountry "DEN"]
[SourceDate "2004.01.01"]

1. Nf3 d5 2. b4 c6 3. e3 Bg4 4. c4 e5 5. Qb3 Bxf3 6. gxf3 d4 7. Bb2 Na6 8. c5
Nc7 9. Bc4 Nh6 10. Ke2 Qf6 11. f4 O-O-O 12. fxe5 Qxe5 13. Kd1 Qf5 14. Na3 Qf3+
15. Kc2 Nf5 16. Bxf7 d3+ 17. Kc3 {[#]} Nxe3 18. dxe3 Qf6+ 19. Kd2 Qxf2+ 20. Kc3
Be7 21. Be6+ Kb8 22. Kc4 Nxe6 23. Be5+ Ka8 24. Kc3 Rd5 25. Rhf1 Qh4 26. Nc4 Bd8
27. Bg3 Qh5 28. e4 Nd4 29. Qa4 Nb5+ 30. Kb3 Qe2 31. Rac1 Qxe4 32. Rf7 $11 d2
33. Rd1 Rd3+ 34. Kb2 Qxc4 35. Rxb7 Bf6+ 36. Kb1 Nc3+ 0-1

[Event "22. Copenhagen Open  (Politiken Cup)"]
[Site "Copenhagen"]
[Date "2000.07.28"]
[Round "11"]
[White "Rossen, Claus"]
[Black "Bohlke, Christian"]
[Result "1/2-1/2"]
[WhiteElo "2167"]
[BlackElo "2052"]
[PlyCount "68"]
[EventDate "2000.07.17"]
[EventType "swiss"]
[EventRounds "11"]
[EventCountry "DEN"]
[SourceDate "2004.01.01"]

1. d4 Nf6 2. c4 c5 3. d5 b5 4. cxb5 a6 5. e3 g6 6. Nc3 Bg7 7. e4 d6 8. Nf3 Qa5
9. Nd2 O-O 10. Nc4 Qd8 11. bxa6 Bxa6 12. Bd3 Nfd7 13. O-O Ne5 14. Nxe5 Bxe5 15.
a4 c4 16. Be2 Nd7 17. Bh6 Re8 18. Be3 Nc5 19. f4 Bg7 20. f5 Qa5 21. fxg6 hxg6
22. Bg4 Rab8 23. Bd4 Nd3 24. Bxg7 Qb6+ 25. Kh1 Kxg7 26. Qd2 Qxb2 27. Rad1 Qxd2
28. Rxd2 Rb3 29. Nb5 Bxb5 30. axb5 Rxb5 31. Bd7 Reb8 32. Bxb5 Rxb5 33. Rc2 Rb4
34. g3 Ne5 1/2-1/2

[Event "22. Copenhagen Open  (Politiken Cup)"]
[Site "Copenhagen"]
[Date "2000.07.28"]
[Round "11"]
[White "Ronsted, Torben"]
[Black "Jensen, Kasper Smith"]
[Result "0-1"]
[WhiteElo "2114"]
[BlackElo "2157"]
[PlyCount "70"]
[EventDate "2000.07.17"]
[EventType "swiss"]
[EventRounds "11"]
[EventCountry "DEN"]
[SourceDate "2004.01.01"]

1. d4 Nf6 2. Nf3 e6 3. Bg5 Be7 4. c4 d5 5. Nc3 b6 6. cxd5 exd5 7. e3 Bb7 8. Bd3
Nbd7 9. O-O h6 10. Bh4 O-O 11. Rc1 c5 12. Re1 Ne4 13. Bxe7 Qxe7 14. Bb1 Rfd8
15. dxc5 Ndxc5 16. Nd4 Rac8 17. Qg4 Qg5 $11 18. Qxg5 Nxg5 19. Nf5 Rd7 20. Red1
Rcd8 21. f3 Nge6 22. Nb5 Ba8 23. Rd2 h5 24. Rcd1 a6 25. Nc3 g6 26. Nd4 Nxd4 27.
Rxd4 b5 28. b4 Ne6 29. R4d3 Rc7 30. Kf2 Rc4 31. Nxd5 Bxd5 32. e4 Rxb4 33. exd5
Nf4 34. Rd4 Rb2+ 35. Kg3 Ne2+ 0-1

[Event "22. Copenhagen Open  (Politiken Cup)"]
[Site "Copenhagen"]
[Date "2000.07.28"]
[Round "11"]
[White "Schmidt, Horst"]
[Black "Madhy, Nezar"]
[Result "0-1"]
[WhiteElo "2025"]
[BlackElo "1682"]
[PlyCount "72"]
[EventDate "2000.07.17"]
[EventType "swiss"]
[EventRounds "11"]
[EventCountry "DEN"]
[SourceDate "2004.01.01"]

1. e4 c5 2. c3 b6 3. Bb5 Bb7 4. Qe2 Nf6 5. f3 e6 6. Nh3 Qc7 7. d3 Be7 8. O-O
O-O 9. e5 Ne8 10. d4 cxd4 11. cxd4 d6 12. f4 Nc6 13. Be3 a6 14. Bd3 Nb4 15. Nc3
Nxd3 16. Qxd3 Rd8 17. Rac1 Qd7 18. Ne4 f5 19. Ng3 dxe5 20. fxe5 Qd5 21. Qe2
Qxa2 22. Nf4 Bc8 23. Rfd1 g5 24. Nfh5 f4 25. Bxf4 gxf4 26. Qg4+ Kh8 27. Nxf4
Rg8 28. Qh5 Rg5 29. Qf7 Rg7 30. Qh5 Qxb2 31. Qh3 Rxd4 32. Rf1 Rxf4 33. Rxc8
Rxf1+ 34. Nxf1 Bc5+ 35. Kh1 Rg8 36. Qf3 Qf2 0-1

[Event "22. Copenhagen Open  (Politiken Cup)"]
[Site "Copenhagen"]
[Date "2000.07.28"]
[Round "11"]
[White "Schmied, Andreas"]
[Black "Petersen, Nils"]
[Result "1-0"]
[WhiteElo "2155"]
[BlackElo "2038"]
[PlyCount "75"]
[EventDate "2000.07.17"]
[EventType "swiss"]
[EventRounds "11"]
[EventCountry "DEN"]
[SourceDate "2004.01.01"]

1. e4 c5 2. Nf3 Nc6 3. d4 cxd4 4. Nxd4 e5 5. Nb5 d6 6. N1c3 a6 7. Na3 Be6 8.
Nd5 Bxd5 9. exd5 Nb8 10. c3 f5 11. Bd3 Qf6 12. Nc4 Nd7 13. h4 Nc5 14. Bc2 g6
15. Nb6 Qd8 16. Nxa8 Qxa8 17. h5 Bg7 18. hxg6 hxg6 19. Rxh8 Bxh8 20. Bxf5 gxf5
21. Qh5+ Kf8 22. Qxh8 Nd3+ 23. Ke2 Nxc1+ 24. Rxc1 b5 25. Rd1 Qc8 26. Qh4 Kf7
27. Qb4 Ke7 28. Rh1 Nf6 29. Rh6 f4 30. Rxf6 Kxf6 31. Qxd6+ Kf5 32. Qe6+ Qxe6
33. dxe6 Kxe6 34. Kf3 Kf5 35. Ke2 e4 36. g3 e3 37. fxe3 fxg3 38. Kf3 1-0

[Event "22. Copenhagen Open  (Politiken Cup)"]
[Site "Copenhagen"]
[Date "2000.07.28"]
[Round "11"]
[White "Schyberg, Brian"]
[Black "Andersen, Finn"]
[Result "1-0"]
[WhiteElo "2010"]
[BlackElo "1531"]
[PlyCount "101"]
[EventDate "2000.07.17"]
[EventType "swiss"]
[EventRounds "11"]
[EventCountry "DEN"]
[SourceDate "2004.01.01"]

1. d4 f5 2. Nc3 Nf6 3. Bg5 e6 4. e4 fxe4 5. Nxe4 Be7 6. Bxf6 Bxf6 7. Qh5+ g6 8.
Qh6 Nc6 9. Nf3 d5 10. Nxf6+ Qxf6 11. Bb5 Bd7 12. Bxc6 Bxc6 13. O-O O-O-O 14.
Rfe1 Rhf8 15. Re5 Rde8 16. Rae1 Bd7 17. c3 b6 18. b4 Kb7 19. Qxh7 Re7 20. Qh4
Qg7 21. Qg3 Rf6 22. Rg5 Ba4 23. Rc1 Qh6 24. h4 Rh7 25. Ne5 Qxh4 26. Qxh4 Rxh4
27. Rxg6 Rf8 28. g3 Rh3 29. Kg2 Rfh8 30. Kf3 Rf8+ 31. Kg2 Rfh8 32. Kf3 Rf8+ 33.
Kg4 Rh2 34. f4 Rxa2 35. Rxe6 Bb5 36. Kg5 Rg2 37. g4 Rg8+ 38. Rg6 Rh8 39. f5 Be8
40. Rg7 Re2 41. f6 Rf2 42. f7 Bxf7 43. Nxf7 Rf8 44. Ne5 Rf1 45. Rxf1 Rxf1 46.
Rf7 Rc1 47. Rf3 a5 48. bxa5 bxa5 49. Kf4 a4 50. c4 dxc4 51. Ra3 1-0

[Event "22. Copenhagen Open  (Politiken Cup)"]
[Site "Copenhagen"]
[Date "2000.07.28"]
[Round "11"]
[White "Skytte, Rasmus"]
[Black "Psakhis, Lev"]
[Result "0-1"]
[WhiteElo "2323"]
[BlackElo "2611"]
[PlyCount "47"]
[EventDate "2000.07.17"]
[EventType "swiss"]
[EventRounds "11"]
[EventCountry "DEN"]
[SourceDate "2004.01.01"]

1. e4 c5 2. Nc3 d6 3. f4 g6 4. Nf3 Bg7 5. Bc4 Nc6 6. O-O e6 7. f5 exf5 8. d3
Nge7 9. Qe1 h6 10. Qg3 Ne5 11. Bb5+ Bd7 12. Bf4 Nxf3+ 13. Rxf3 Bxc3 14. Bxd7+
Qxd7 15. bxc3 O-O-O 16. h4 f6 17. exf5 g5 18. Bd2 Nxf5 19. Qf2 Nxh4 20. Rxf6
Qg4 21. Re1 Rhe8 22. Rxe8 Rxe8 23. Rxd6 Nxg2 24. Qxc5+ 0-1

[Event "22. Copenhagen Open  (Politiken Cup)"]
[Site "Copenhagen"]
[Date "2000.07.28"]
[Round "11"]
[White "Aabling Thomsen, Jakob"]
[Black "Nicolaisen, Jeppe"]
[Result "1/2-1/2"]
[WhiteElo "1589"]
[BlackElo "2040"]
[PlyCount "55"]
[EventDate "2000.07.17"]
[EventType "swiss"]
[EventRounds "11"]
[EventCountry "DEN"]
[SourceDate "2004.01.01"]

1. d4 Nf6 2. c4 e5 3. dxe5 Ng4 4. Nf3 Bc5 5. e3 Nc6 6. a3 a5 7. Qd5 Qe7 8. Nc3
Ngxe5 9. Nxe5 Nxe5 10. Be2 O-O 11. O-O Re8 12. b3 Kh8 13. Ne4 Bb6 14. c5 Ba7
15. b4 Bb8 16. Bb2 c6 17. Qd4 f5 18. Nd6 Bxd6 19. cxd6 Qf8 20. Qc5 b6 21. Qxb6
Qxd6 22. Rfd1 Qg6 23. Bxe5 Rxe5 24. bxa5 Qe8 25. a6 f4 26. e4 Rxe4 27. Bd3 Re7
28. Rac1 1/2-1/2

[Event "22. Copenhagen Open  (Politiken Cup)"]
[Site "Copenhagen"]
[Date "2000.07.28"]
[Round "11"]
[White "Trarup, Jorgen"]
[Black "Greisen, Flemming Dahl"]
[Result "1/2-1/2"]
[WhiteElo "1309"]
[BlackElo "1488"]
[PlyCount "50"]
[EventDate "2000.07.17"]
[EventType "swiss"]
[EventRounds "11"]
[EventCountry "DEN"]
[SourceDate "2004.01.01"]

1. e4 e6 2. c3 b6 3. Nf3 Bb7 4. d3 Nc6 5. Be3 g6 6. Be2 Bg7 7. Na3 d5 8. exd5
exd5 9. Nc2 Nf6 10. O-O O-O 11. Bg5 Qd6 12. Bxf6 Bxf6 13. d4 Rae8 14. Bb5 Re6
15. Bxc6 Bxc6 16. Re1 Rfe8 17. Qd2 Qe7 18. Rxe6 Qxe6 19. Re1 Qf5 20. Rxe8+ Bxe8
21. h4 c5 22. dxc5 bxc5 23. Qe2 Bc6 24. a3 Qd7 25. Qd2 Ba4 1/2-1/2

[Event "22. Copenhagen Open  (Politiken Cup)"]
[Site "Copenhagen"]
[Date "2000.07.28"]
[Round "11"]
[White "Wiman, Kenneth"]
[Black "Manley, Christian"]
[Result "1-0"]
[WhiteElo "1895"]
[BlackElo "1204"]
[PlyCount "47"]
[EventDate "2000.07.17"]
[EventType "swiss"]
[EventRounds "11"]
[EventCountry "DEN"]
[SourceDate "2004.01.01"]

1. e4 c5 2. Nf3 Nc6 3. Nc3 g6 4. d4 cxd4 5. Nxd4 Bg7 6. Be3 e6 7. Ndb5 Qa5 8.
Qd2 Nf6 9. Bc5 Bf8 10. Nd6+ Bxd6 11. Bxd6 Qb6 12. O-O-O a5 13. f3 a4 14. Nb5
Qa5 15. Nc7+ Kd8 16. Nxa8 Qxa8 17. Qg5 Ne7 18. Qxf6 Re8 19. Qe5 Nc6 20. Qg5+
Ne7 21. Qc5 Rg8 22. Bxe7+ Ke8 23. Bf6 d6 24. Qxd6 1-0